Englannin Valioliigan voittaneet joukkueet - Statistics

Yleistilastot
  • Tätä visaa on pelattu 1 065 kertaa
    963 viimeisimmän päivityksen jälkeen
  • Keskiarvotulos 6 / 7
Vastaustilastot
Mestaruudet Joukkue % Oikein
13 Manchester United
98%
8 Manchester City
95%
2 Liverpool
94%
3 Arsenal
88%
5 Chelsea
85%
1 Leicester City
67%
1 Blackburn Rovers
37%
Ehtoja vastaavia visoja ei löytynyt
Tulosjakauma
Jokaisen tuloksen saaneiden osuus
Persentiili vastausten määrän mukaan
Tuloshistoriasi
Et ole pelannut tätä visaa sen viimeisimmän päivityksen jälkeen